| 000 | 00796cam a22002771a 4500 | ||
|---|---|---|---|
| 001 | sa 68000435 | ||
| 003 | DLC | ||
| 005 | 20260227112424.0 | ||
| 008 | 951004s1964 pk 000 0 urdo | ||
| 010 | _asa 68000435 | ||
| 025 | _aP-U-1310 | ||
| 035 | _a(OCoLC)33240903 | ||
| 040 |
_aDLC _cWaU _dDLC |
||
| 042 | _apremarc | ||
| 043 |
_aa-ii--- _aa-pk--- |
||
| 050 | 0 | 0 |
_aDS436.A1 _bA57 |
| 100 | 0 |
_aAbdur Rasul, _d1932- |
|
| 245 | 1 | 0 |
_aPāk o Hind kī Islāmī tārīk̲h̲ : _bḥiṣṣah-yi duvum, 1526 ʻA. tā 1957 ʻA. / _cʻAbdurrasūl. |
| 260 |
_aLāhaur : _bEm. Ār. Brādarz, _c1964. |
||
| 300 |
_a6, 415 p. ; _c22 cm. |
||
| 546 | _aIn Urdu. | ||
| 500 | _aNo more published. | ||
| 651 | 0 |
_aIndia _xHistory. |
|
| 650 | 0 |
_aMuslims _zIndia _xHistory. |
|
| 651 | 0 |
_aPakistan _xHistory. |
|
| 999 |
_c77213 _d77213 |
||